000 00848 a2200217 4500
999 _c797
_d797
020 _a0195208269
050 0 0 _aRA552.S8 DIS 1991
100 _aFeachem, Richard G. (editor)
245 0 0 _aDisease and mortality in Sub-Saharan Africa /
_cedited by Richard G. Feachem, Dean T. Jamison.
264 _aOxford
_bOxford University Press
_c1991
300 _axv, 356 p. :
_bill., maps ;
500 _aDisease and Mortality
504 _aIncludes bibliographical references.
650 0 _aPublic health
700 1 _aFeachem, Richard G.,
_d1947-
700 1 _aJamison, Dean T.
710 2 _aWorld Bank.
856 4 2 _3Publisher description
_uhttp://www.loc.gov/catdir/enhancements/fy0639/91011991-d.html
942 _2lcc
_cBK
_h552.S8
_iDIS
_kRA